| 000 -LEADER |
| fixed length control field |
01719nam a22003618i 4500 |
| 001 - CONTROL NUMBER |
| control field |
023237149 |
| 003 - CONTROL NUMBER IDENTIFIER |
| control field |
UkOxU |
| 005 - DATE AND TIME OF LATEST TRANSACTION |
| control field |
20230125110706.0 |
| 008 - FIXED-LENGTH DATA ELEMENTS--GENERAL INFORMATION |
| fixed length control field |
210202s2021 enk 001|0|eng|d |
| 015 ## - NATIONAL BIBLIOGRAPHY NUMBER |
| National bibliography number |
GBC119001 |
| Source |
bnb |
| 016 7# - NATIONAL BIBLIOGRAPHIC AGENCY CONTROL NUMBER |
| Record control number |
020103074 |
| Source |
Uk |
| 020 ## - INTERNATIONAL STANDARD BOOK NUMBER |
| International Standard Book Number |
9781108888073 (pbk.) : |
| 035 ## - SYSTEM CONTROL NUMBER |
| System control number |
(Uk)020103074 |
| 035 ## - SYSTEM CONTROL NUMBER |
| System control number |
(StEdALDL)1/4013669 |
| 040 ## - CATALOGING SOURCE |
| Original cataloging agency |
StDuBDS |
| Language of cataloging |
eng |
| Description conventions |
rda |
| Transcribing agency |
StDuBDS |
| Modifying agency |
KH8 |
| 082 04 - DEWEY DECIMAL CLASSIFICATION NUMBER |
| Classification number |
530 SAN |
| Edition number |
23 |
| 100 1# - MAIN ENTRY--PERSONAL NAME |
| Personal name |
Sang, David, |
| Relator term |
author. |
| 245 10 - TITLE STATEMENT |
| Title |
physics for Cambridge IGCSE: |
| Name of part/section of a work |
coursebook / |
| Statement of responsibility, etc. |
David Sang, mike Follows, Sheila Tarpey |
| 250 ## - EDITION STATEMENT |
| Edition statement |
3rd ed. |
| 264 #1 - PRODUCTION, PUBLICATION, DISTRIBUTION, MANUFACTURE, AND COPYRIGHT NOTICE |
| Place of production, publication, distribution, manufacture |
Cambridge : |
| Name of producer, publisher, distributor, manufacturer |
Cambridge University Press, |
| Date of production, publication, distribution, manufacture, or copyright notice |
2021. |
| 300 ## - PHYSICAL DESCRIPTION |
| Extent |
512 p. : |
| Other physical details |
col. ill. ; |
| Dimensions |
28 cm. |
| 440 ## - SERIES STATEMENT/ADDED ENTRY--TITLE |
| Title |
Cambridge international IGCSE |
| 500 ## - GENERAL NOTE |
| General note |
With digital access (2 years). |
| 500 ## - GENERAL NOTE |
| General note |
Previous edition: 2014. |
| 500 ## - GENERAL NOTE |
| General note |
Includes index. |
| 505 ## - FORMATTED CONTENTS NOTE |
| Formatted contents note |
How to use this series; How to use this book; Introduction; 1. Making measurements; 2. Describing motion; 3. Forces and motion; 4. Turning effects; 5. Forces and matter; 6. Energy changes and transfers; 7. Energy resources; 8. Work and power; 9. The kinetic model of matter; 10. Thermal properties of matter; 11. Thermal energy transfers; 12. Sound; 13. Light; 14. Properties of waves; 15. The electromagnetic spectrum; 16. Magnetism; 17. Static electricity; 18. Electrical quantities; 19. Electrical circuits; 20. Electromagnetic forces; 21. Electromagnetic induction; 22. The nuclear atom; 23. Radioactivity; 24. Earth and the Solar System; 25. Stars and the Universe |
| 521 2# - TARGET AUDIENCE NOTE |
| Target audience note |
GCSE. |
| 650 #0 - SUBJECT ADDED ENTRY--TOPICAL TERM |
| Topical term or geographic name entry element |
Physics. |
| 650 #0 - SUBJECT ADDED ENTRY--TOPICAL TERM |
| Topical term or geographic name entry element |
Coursebook |
| 700 1# - ADDED ENTRY--PERSONAL NAME |
| Personal name |
Follows, Mike, |
| Relator term |
author. |
| 700 1# - ADDED ENTRY--PERSONAL NAME |
| Personal name |
Tarpey, Sheila, |
| Relator term |
author. |
| 942 ## - ADDED ENTRY ELEMENTS (KOHA) |
| Source of classification or shelving scheme |
|
| Koha item type |
Teaching Resources |